| 000 | 01114cab a2200205 4500 | ||
|---|---|---|---|
| 001 | L129448 | ||
| 008 | 050420n2005 000 0 eng u | ||
| 035 | _a(Sirsi) u129448 | ||
| 041 | _aeng | ||
| 100 | _aMurdoch, Sandi | ||
| 245 | 4 | _aThe wall of silence | |
| 260 | _c2005 | ||
| 490 |
_aEstates Gazette _v(0515) 16 April 2005, 121(1) |
||
| 520 | _aDiscusses the issue raised in "South Tyneside BC v Wickes Building Supplies Ltd" ([2004] EWHC 2428 (Comm), unreported) where a witness summons was issued in order to gain details of a lease. Witness summons can compel a party to provide sensitive information but, in some cases, a confidentiality clause can be set aside. A confidentiality clause does not in itself render a transaction irrelevant as evidence in a rent review arbitration. | ||
| 590 | _aIKA290405 | ||
| 650 | _aSOUTH TYNESDIE BC V WICKES BUILDING SUPPLIES LTD | ||
| 650 | _aCORNWALL COAST COUNTRY CLUB V CARDGRANGE LTD | ||
| 690 | _aPROPERTY-COMMERCIAL PROPERTY-LEASEHOLD COMMERCIAL PROPERTY-COMMERCIAL LANDLORD AND TENANT-BUSINESS TENANCIES-RENT REVIEW (BUSINESS TENANCIES) | ||
| 942 | _n0 | ||
| 999 |
_c75111 _d75111 |
||